| 000 | 01404cab a2200205 4500 | ||
|---|---|---|---|
| 001 | ##L133700 | ||
| 008 | 060605n2006 000 0 eng u | ||
| 035 | _a(Sirsi) u133700 | ||
| 041 | 0 | _aeng | |
| 100 | 1 | _aStimpson, Mike | |
| 245 | 0 | 0 |
_aLicensing of landlords _bthe 2004 Housing Act - the reality |
| 260 | _c2006 | ||
| 490 | 0 |
_aSuccessful Renting _vQ2 2006, 11-13(3) |
|
| 520 | _aConsiders the reality of the implementation of licensing of Houses in Multiple Occupation (HMOs) from 6 April 2006 with many local authorities still not having application forms available or made known their fees for licensing. Comments on the unreasonable variance of licensing fees amongst local authorities who should have all been working with the same ODPM guidelines and criticises debatable local authority practice. Points out some of the hidden regulations in respect of student lets (now HMOs) such as the need for a hot and cold water wash basin in each bedroom when there are five or more residents. Provides an update to the issues of additional, selective licensing and discusses transitional licensing which is described as additional licensing without consultation. | ||
| 590 | _aIKA060606 | ||
| 650 | 2 | 4 | _aHOUSING ACT 2004 PART II |
| 651 | 4 |
_aEngland and Wales _y1543- |
|
| 690 | _aPROPERTY-RESIDENTIAL PROPERTY-RESIDENTIAL LANDLORD AND TENANT-RESIDENTIAL LANDLORD AND TENANT REFORM | ||
| 942 | _n0 | ||
| 999 |
_c77162 _d77162 |
||